000
00236nam a2200097Ia 4500
001
805651
005
20250826171156.0
008
250824s9999 xx 000 0 und d
245
0
_a
GECE SESLERİ
_c
AYŞE KULİN
260
_b
EVEREST YAYINLARI
999
_c
805651
_d
805651